| 000 | 00594cam a22001457a 4500 | ||
|---|---|---|---|
| 008 | 180718b2003 xxu||||| |||| 00| 0 eng d | ||
| 082 | _aAPPPA 2002-03 SIN/31 | ||
| 100 | _aSingh, H.C. | ||
| 245 |
_aInternational co-operation in criminal investigation: efficacy of the existing institutions, systems and laws - an Indian experience _cby H.C. Singh |
||
| 260 |
_aNew Delhi _bIndian Institute of Public Administration _c2003 |
||
| 300 | _a126p. | ||
| 500 | _aAn APPPA M. Phil. dissertation, 2002-03 (Guide: J. Guha Roy) | ||
| 650 | _aCriminal investigation | ||
| 650 | _aInternational co-operation | ||
| 999 |
_c492711 _d492711 |
||